[Event "Wch U10"]
[Site "Belfort"]
[Date "2005.07.20"]
[Round "2"]
[White "Mohan Vasanta, Ruba Varman"]
[Black "Bukavshin, Ivan"]
[Result "0-1"]
[WhiteElo "1599"]
[BlackElo "2029"]
[PlyCount "116"]
[EventDate "2005.07.19"]
[EventType "swiss"]
[EventRounds "11"]
[EventCountry "FRA"]
[SourceTitle "CBM 107 Extra"]
[Source "ChessBase"]
[SourceDate "2005.09.01"]
[SourceVersion "1"]
[SourceVersionDate "2005.09.01"]
[SourceQuality "1"]

1. e4 c5 2. Nf3 Nc6 3. d4 cxd4 4. Nxd4 Nf6 5. Nc3 e6 6. Be3 Bb4 7. Nxc6 bxc6 8. Bd3 d5 9. exd5 cxd5 10. 0-0 0-0 11. Bd4 Qe7 12. Qe2 Bd7 13. Be5 Bc6 14. g3 Bd6 15. Rfe1 Nd7 16. Bxd6 Qxd6 17. Qh5 Nf6 18. Qe5 Qxe5 19. Rxe5 Nd7 20. Re2 Nc5 21. Rd1 a5 22. Red2 Rab8 23. b3 Rfc8 24. Ne2 e5 25. f3 g6 26. Re1 Ba8 27. Nc3 f6 28. Rb1 Nxb3 29. Rxb3 Rxb3 30. cxb3 Rxc3 31. Bc2 Kf7 32. Kf2 Ke6 33. Ke2 Bc6 34. Bd1 Kd6 35. Rb2 d4 36. Kd2 f5 37. h4 e4 38. fxe4 fxe4 39. Be2 e3+ 40. Kd1 d3 41. Bg4 Bb5 42. a4 e2+ 43. Kd2 Rc1 44. Bxe2 dxe2 45. Kxc1 e1Q+ 46. Kc2 Be2 47. Rb1 Bd3+ 48. Kxd3 Qxb1+ 49. Kd4 Qxb3 50. Ke4 Qxa4+ 51. Ke3 Qxh4 52. Kf3 Ke5 53. Ke3 Qxg3+ 54. Ke2 Qg2+ 55. Ke1 a4 56. Kd1 a3 57. Kc1 a2 58. Kd1 a1R# 0-1